• 首页
  • 本馆介绍
  • 公告通知
  • 最新文献
  • 馆藏检索
  • 电子资源
  • 读者导购
  • 参考咨询
  • 我的图书馆
  • 登录
  • 详细信息显示
  • 放入我的书架
  • 预约/预借图书
  • 作者相关作品
  • 分类相关作品
  • 丛书相关作品
  • 出版社相关作品

书目信息

  • 表格格式
  • 工作单格式
  • 卡片格式
书名: The Professional Selling Skills Workbook
作者: Ramon A.Avila.
分册号:
分册名:
出版地: Fort Worth, TX :
 
出版社: Fort Worth, TX
出版时间: 1996.
页数: 262 p. ;
开本: 26cm.
丛书名:
中图分类号:
科图分类号:
其他分类号: F73
主题词:
电子资源:
000 00399nam 2200145 a 4500
001 E0740539719
005 20070317111952.59
008 070317s1996 00010 eng
020    @a0-03-016332-3.
040    @aPFT@beng
090    @aF73
099    @dF73@ex24
245    @aThe Professional Selling Skills Workbook / @cRamon A.Avila.
260    @aFort Worth, TX :@bFort Worth, TX,@c1996.
300    @a262 p. ;@c26cm.
    
    The Professional Selling Skills Workbook / / Ramon A.Avila.-Fort Worth, TX : : Fort Worth, TX, , 1996.
    262 p. ; ; 26cm.
    
    
    ISBN 0-03-016332-3.
    
●
相关链接 在E读中查询图书 在五车中查询图书 在当当中查询图书 在豆瓣中查询图书


正题名:The Professional Selling Skills Workbook     索取号:F73/x24         预约/预借

序号 登录号 条形码 馆藏地/架位号 状态 备注
1 0002490   300024907   第二样本阅览室/ [索取号:F73/x24] 在馆    
2 0002491   300024916   第四借阅区/ [索取号:F73/x24] 在馆    
3 0002492   300024925   第四借阅区/ [索取号:F73/x24] 在馆    
唐山师范学院图书馆 欢迎您!
大连网信软件有限公司© 版权所有